[Event "OVER 1700 STANDARD CHESS TOURNEY - SEP 2010"]
[Site "SchemingMind.com"]
[Date "2010.09.05"]
[Round "-"]
[White "Scooter"]
[Black "Kroll"]
[Result "1-0"]
[WhiteCountry "USA"]
[BlackCountry "POL"]
[WhiteElo "1846"]
[WhiteRD "60"]
[BlackElo "1574"]
[BlackRD "94"]
[GameID "259383"]

1. d4 e6 2. Nf3 Nf6 3. Bg5 d5 4. Nbd2 Be7 5. e3 O-O 6. Bd3 b6 7. O-O Bb7 8. c4 dxc4 9. Nxc4 h6 10. Bh4 Nbd7
11. Rc1 c5 12. Bg3 Nh5 13. Bd6 b5 14. Bxe7 Qxe7 15. Na5 Bd5 16. Bxb5 Nhf6 17. Bxd7 Nxd7 18. Nb3 cxd4 19. Nbxd4 Rac8 20. Rxc8 Rxc8
21. Nb5
1-0

[Event "OVER 1700 STANDARD CHESS TOURNEY - SEP 2010"]
[Site "SchemingMind.com"]
[Date "2010.09.05"]
[Round "-"]
[White "NAZRIZ1977"]
[Black "Kroll"]
[Result "1-0"]
[WhiteCountry "WLS"]
[BlackCountry "POL"]
[WhiteElo "1788"]
[WhiteRD "79"]
[BlackElo "1574"]
[BlackRD "94"]
[GameID "259384"]

1. c4 e6 2. g3 d5 3. Bg2 Nf6 4. Nf3 Be7 5. Kf1 O-O 6. d4 c5 7. cxd5 Nxd5 8. Nc3 cxd4 9. Nxd5 Qxd5 10. Qxd4 Rd8
11. Qxd5 Rxd5 12. Be3 Nc6 13. Ne1 Rb5 14. Nd3 Nb4 15. a4 Ra5 16. Bd2 Bd7 17. Nxb4 Rxa4 18. Rxa4 Bxa4 19. Bf3 Rd8 20. Nd3 Bc2
21. Bxb7 Bxd3 22. exd3 Rxd3 23. Bc3 Ba3 24. Be4
1-0

[Event "OVER 1700 STANDARD CHESS TOURNEY - SEP 2010"]
[Site "SchemingMind.com"]
[Date "2010.09.05"]
[Round "-"]
[White "PawnPusherPete"]
[Black "Kroll"]
[Result "1-0"]
[WhiteCountry "ENG"]
[BlackCountry "POL"]
[WhiteElo "2227"]
[WhiteRD "84"]
[BlackElo "1574"]
[BlackRD "94"]
[GameID "259387"]

1. e4 e6 2. d4 d5 3. Nc3 Nf6 4. e5 Nfd7 5. f4 c5 6. Nf3 Nc6 7. Be3 Qb6 8. Na4 Qa5+ 9. c3 b5 10. Nxc5 Nxc5
11. dxc5 b4 12. a3 bxc3 13. b4 Nxb4 14. axb4 Qxb4 15. Qa4+ Qxa4 16. Rxa4 Bd7 17. Ra3 Be7 18. Rxc3 Bd8 19. c6 Ba5 20. cxd7+
1-0

[Event "OVER 1700 STANDARD CHESS TOURNEY - SEP 2010"]
[Site "SchemingMind.com"]
[Date "2010.09.05"]
[Round "-"]
[White "Mr Pawn"]
[Black "_keyes"]
[Result "1-0"]
[WhiteCountry "IND"]
[BlackCountry "ENG"]
[WhiteElo "2254"]
[WhiteRD "95"]
[BlackElo "1930"]
[BlackRD "81"]
[GameID "259437"]

1. e4 c5 2. c3 d5 3. exd5 Qxd5 4. d4 e6 5. Nf3 Nf6 6. Be2 Be7 7. O-O O-O 8. c4 Qd8 9. Nc3 cxd4 10. Nxd4 a6
11. Bf4 Nbd7 12. Bg3 Nc5 13. Qc2 Bd6 14. Rad1 Qc7 15. Ndb5 axb5 16. Bxd6 Qb6 17. Bxf8 Kxf8 18. b4 Ncd7 19. c5 Qc7 20. Nxb5 Qe5
21. Nd6 g6 22. c6
1-0

[Event "OVER 1700 STANDARD CHESS TOURNEY - SEP 2010"]
[Site "SchemingMind.com"]
[Date "2010.09.05"]
[Round "-"]
[White "Mr Pawn"]
[Black "maaac"]
[Result "1-0"]
[WhiteCountry "IND"]
[BlackCountry "AUS"]
[WhiteElo "2254"]
[WhiteRD "95"]
[BlackElo "1927"]
[BlackRD "78"]
[GameID "259438"]

1. e4 c5 2. Nf3 d6 3. d4 cxd4 4. Nxd4 Nf6 5. Nc3 a6 6. Be2 e5 7. Nb3 Be7 8. Be3 O-O 9. O-O Be6 10. Qd2 Nbd7
11. a4 Rc8 12. a5 Nc5 13. Nxc5 dxc5 14. Qxd8 Rfxd8 15. h3 Bd7 16. Bc4 Bc6 17. f3 Nh5 18. Rfd1 Nf4 19. Kh2 Kf8 20. Nd5 Bxd5
21. exd5 h5 22. g3 Ng6 23. h4 Bd6 24. Kg2 Ne7 25. Bf2 f5 26. Re1 Re8 27. Ra3 Rcd8 28. Rb3 Rd7 29. Bd3 g6 30. c4 Kf7
31. Bc2 Ng8 32. Rb6 Nf6 33. Ba4 Ree7 34. Bxd7 Rxd7 35. Re3
1-0

[Event "OVER 1700 STANDARD CHESS TOURNEY - SEP 2010"]
[Site "SchemingMind.com"]
[Date "2010.09.07"]
[Round "-"]
[White "Mr Pawn"]
[Black "mmccaffe"]
[Result "1-0"]
[WhiteCountry "IND"]
[BlackCountry "USA"]
[WhiteElo "2262"]
[WhiteRD "93"]
[BlackElo "1704"]
[BlackRD "55"]
[GameID "259440"]

1. e4 d6 2. d4 Nf6 3. Nc3 g6 4. f4 Bg7 5. Nf3 c5 6. Bb5+ Bd7 7. d5 O-O 8. a4 Na6 9. O-O Nc7 10. Be2 a6
11. e5 dxe5 12. fxe5 Nfe8 13. h3 Bc8 14. Bf4 f5 15. Qd2 b6 16. Bc4 Kh8 17. Rfd1 Rb8 18. Bg5 Na8 19. d6 exd6 20. Bxd8
1-0

[Event "OVER 1700 STANDARD CHESS TOURNEY - SEP 2010"]
[Site "SchemingMind.com"]
[Date "2010.09.05"]
[Round "-"]
[White "Mr Pawn"]
[Black "Scooter"]
[Result "1-0"]
[WhiteCountry "IND"]
[BlackCountry "USA"]
[WhiteElo "2221"]
[WhiteRD "109"]
[BlackElo "1859"]
[BlackRD "62"]
[GameID "259441"]

1. e4 c6 2. d4 d5 3. Nc3 dxe4 4. Nxe4 Bf5 5. Ng3 Bg6 6. Nf3 Nd7 7. Bc4 Ngf6 8. O-O e6 9. Qe2 Be7 10. c3 O-O
11. Nh4 Bh5 12. Nxh5 Nxh5 13. Qxh5 Bxh4 14. Qe2 Re8 15. Bd3 Be7 16. Bc2 Nf6 17. a3 Bd6 18. Re1 Qc7 19. g3 e5 20. Bg5 exd4
21. Qd3
1-0

[Event "OVER 1700 STANDARD CHESS TOURNEY - SEP 2010"]
[Site "SchemingMind.com"]
[Date "2010.09.05"]
[Round "-"]
[White "Mr Pawn"]
[Black "NAZRIZ1977"]
[Result "1-0"]
[WhiteCountry "IND"]
[BlackCountry "WLS"]
[WhiteElo "2262"]
[WhiteRD "93"]
[BlackElo "1756"]
[BlackRD "74"]
[GameID "259442"]

1. e4 c6 2. d4 d5 3. Nc3 dxe4 4. Nxe4 Bf5 5. Ng3 Bg6 6. Nf3 Nd7 7. Bd3 Ngf6 8. O-O e6 9. Bf4 Be7 10. Bxg6 hxg6
11. c4 O-O 12. Qc2 c5 13. Rfd1 cxd4 14. Rxd4 Qa5 15. Ne4 Rfd8 16. Rad1
1-0

[Event "OVER 1700 STANDARD CHESS TOURNEY - SEP 2010"]
[Site "SchemingMind.com"]
[Date "2010.09.05"]
[Round "-"]
[White "Mr Pawn"]
[Black "Bricriu"]
[Result "1-0"]
[WhiteCountry "IND"]
[BlackCountry "IRL"]
[WhiteElo "2262"]
[WhiteRD "93"]
[BlackElo "1792"]
[BlackRD "74"]
[GameID "259443"]

1. e4 c6 2. d4 d5 3. Nc3 dxe4 4. Nxe4 Bf5 5. Ng3 Bg6 6. Nf3 Nd7 7. h4 h6 8. h5 Bh7 9. Bd3 Bxd3 10. Qxd3 e6
11. Bf4 Qa5+ 12. Bd2 Bb4 13. c3 Be7 14. c4 Qc7 15. O-O-O Ngf6 16. Kb1 O-O 17. Ne4 b5 18. Nxf6+ Nxf6 19. c5 Rfd8 20. Qe2 a5
21. g4 Nh7 22. Qe4 Rd5 23. Bf4 Qd8 24. Ne5 Nf6 25. Qe2 Rc8 26. g5 hxg5 27. h6
1-0

[Event "OVER 1700 STANDARD CHESS TOURNEY - SEP 2010"]
[Site "SchemingMind.com"]
[Date "2010.09.06"]
[Round "-"]
[White "Mr Pawn"]
[Black "Transcendent"]
[Result "1-0"]
[WhiteCountry "IND"]
[BlackCountry "ENG"]
[WhiteElo "2262"]
[WhiteRD "93"]
[BlackElo "1793"]
[BlackRD "51"]
[GameID "259444"]

1. e4 c5 2. Nf3 d6 3. d4 cxd4 4. Nxd4 Nf6 5. Nc3 a6 6. Be2 e6 7. O-O Be7 8. f4 O-O 9. Be3 Qc7 10. Qe1 Nc6
11. Rd1 b5 12. Nxc6 Qxc6 13. e5 dxe5 14. fxe5 Nd5 15. Bf3 Rd8 16. Qf2 Bb7 17. Bxd5 exd5 18. Qxf7+
1-0

[Event "OVER 1700 STANDARD CHESS TOURNEY - SEP 2010"]
[Site "SchemingMind.com"]
[Date "2010.09.05"]
[Round "-"]
[White "Mr Pawn"]
[Black "PawnPusherPete"]
[Result "1/2-1/2"]
[WhiteCountry "IND"]
[BlackCountry "ENG"]
[WhiteElo "2254"]
[WhiteRD "95"]
[BlackElo "2227"]
[BlackRD "84"]
[GameID "259445"]

1. e4 c5 2. c4 g6 3. Nf3 Nc6 4. d4 cxd4 5. Nxd4 Nf6 6. Nc3 d6 7. Be2 Nxd4 8. Qxd4 Bg7 9. Be3 Be6 10. O-O O-O
11. Qd1 Qa5 12. Rc1 Rfc8 13. Nd5 Nxd5 14. exd5 Bf5 15. Bd4 Bxd4 16. Qxd4 Qxa2 17. Qc3 Qa6 18. h4 h5 19. Rfe1 Rc7 20. Ra1 Qb6
21. b3 e5 22. Ra2 a6 23. Bd3 Bxd3 24. Qxd3 Qb4 25. Rb1 Rac8 26. Ra4 Qb6 27. Re1 Rc5 28. Qe3 Qd8 29. f4 Qxh4 30. fxe5 Re8
31. Qc3 Rc7 32. Ra2 Rce7 33. Rae2 Qg5 34. e6 fxe6 35. dxe6 Qf5 36. Rf2 Qg4 37. Qf6 Kh7= 38. Qc3 Rxe6 39. Rf7+ Kh6 40. Ref1 Re2
41. Qg7+=
1/2-1/2

[Event "OVER 1700 STANDARD CHESS TOURNEY - SEP 2010"]
[Site "SchemingMind.com"]
[Date "2010.09.05"]
[Round "-"]
[White "_keyes"]
[Black "Mr Pawn"]
[Result "0-1"]
[WhiteCountry "ENG"]
[BlackCountry "IND"]
[WhiteElo "1902"]
[WhiteRD "75"]
[BlackElo "2262"]
[BlackRD "93"]
[GameID "259446"]

1. d4 Nf6 2. c4 e6 3. Nc3 Bb4 4. e3 O-O 5. Bd3 c5 6. Nf3 d5 7. O-O Nc6 8. a3 Bxc3 9. bxc3 Na5 10. cxd5 c4
11. Bc2 exd5 12. a4 Ne4 13. Bxe4 dxe4 14. Nd2 Re8 15. Qc2 Bg4 16. Nxe4 Bf5 17. f3 Qd5 18. Ba3 Bxe4 19. fxe4 Rxe4 20. Rf3 Rae8
21. Qf2 Nb3 22. Rf1 f6 23. Qg3 Nd2 24. Rf5 Nxf1 25. Rxd5 Nxg3 26. hxg3 Rxe3 27. Bb2 Rxg3 28. Kf2 Rge3 29. Bc1 Rxc3 30. Bf4 Rd3
31. Rd7 c3 32. d5 g5 33. Bg3 Rc8 34. Rxb7 c2
0-1

[Event "OVER 1700 STANDARD CHESS TOURNEY - SEP 2010"]
[Site "SchemingMind.com"]
[Date "2010.09.05"]
[Round "-"]
[White "maaac"]
[Black "Mr Pawn"]
[Result "0-1"]
[WhiteCountry "AUS"]
[BlackCountry "IND"]
[WhiteElo "1916"]
[WhiteRD "76"]
[BlackElo "2221"]
[BlackRD "109"]
[GameID "259447"]

1. d4 Nf6 2. c4 e6 3. g3 d5 4. Nf3 dxc4 5. Bg2 Nc6 6. O-O Rb8 7. a4 b6 8. Na3 Bxa3 9. Rxa3 O-O 10. Bf4 Nd5
11. Ne5 Nxe5 12. Bxe5 Bb7 13. e4 f6 14. Bf4 Nxf4 15. gxf4 f5 16. e5 Bxg2 17. Kxg2 Qd5+ 18. Qf3 Qxd4 19. Rd1 Qxb2 20. Rd7 Qb4
21. Rxc7 Rbc8 22. Rxc8 Rxc8 23. Qb7 Qc5
0-1

[Event "OVER 1700 STANDARD CHESS TOURNEY - SEP 2010"]
[Site "SchemingMind.com"]
[Date "2010.09.05"]
[Round "-"]
[White "Kroll"]
[Black "Mr Pawn"]
[Result "0-1"]
[WhiteCountry "POL"]
[BlackCountry "IND"]
[WhiteElo "1574"]
[WhiteRD "94"]
[BlackElo "2254"]
[BlackRD "95"]
[GameID "259448"]

1. d4 Nf6 2. Bg5 Ne4 3. Bf4 c5 4. f3 Qa5+ 5. c3 Nf6 6. Nd2 cxd4 7. Nb3 Qb6 8. Qxd4 Qxd4 9. Nxd4 a6 10. O-O-O d6
11. Bg5 e5
0-1

[Event "OVER 1700 STANDARD CHESS TOURNEY - SEP 2010"]
[Site "SchemingMind.com"]
[Date "2010.09.07"]
[Round "-"]
[White "mmccaffe"]
[Black "Mr Pawn"]
[Result "0-1"]
[WhiteCountry "USA"]
[BlackCountry "IND"]
[WhiteElo "1704"]
[WhiteRD "55"]
[BlackElo "2262"]
[BlackRD "93"]
[GameID "259449"]

1. d4 Nf6 2. c4 e6 3. Nc3 Bb4 4. g3 c5 5. Nf3 Nc6 6. Bg2 Qa5 7. O-O Bxc3 8. bxc3 Qxc3 9. Bf4 Qxc4 10. Rc1 Qxa2
11. dxc5 a5 12. Nd2 O-O 13. Nc4 h6 14. Qd3 Nb4 15. Qe3 Nfd5 16. Qd4 Qxe2 17. f3 Qd3 18. Qf2 Nxf4 19. gxf4 Nd5 20. Rfd1 Qg6
21. Ne5 Qf5 22. Bf1 Nxf4 23. Nxd7 Bxd7 24. Rxd7 Qg5+ 25. Kh1 Nh3
0-1

[Event "OVER 1700 STANDARD CHESS TOURNEY - SEP 2010"]
[Site "SchemingMind.com"]
[Date "2010.09.05"]
[Round "-"]
[White "Scooter"]
[Black "Mr Pawn"]
[Result "0-1"]
[WhiteCountry "USA"]
[BlackCountry "IND"]
[WhiteElo "1859"]
[WhiteRD "62"]
[BlackElo "2221"]
[BlackRD "109"]
[GameID "259450"]

1. d4 Nf6 2. Nf3 d5 3. Bf4 h6 4. h3 g5 5. Bg3 Bg7 6. e3 Ne4 7. Be5 Bxe5 8. Nxe5 Nd7 9. Nxd7 Bxd7 10. Bd3 Bf5
11. O-O h5 12. Nd2 g4 13. Bxe4 dxe4 14. h4 Qd7 15. c4 O-O-O 16. Qc2 e5 17. d5 Kb8 18. Rac1 Qe7 19. g3 f6 20. Nxe4 Qh7
21. Nxf6 Bxc2 22. Nxh7 Bxh7 23. b4 Be4 24. Rfd1 Rh6 25. a4 Rhd6 26. b5 c6
0-1

[Event "OVER 1700 STANDARD CHESS TOURNEY - SEP 2010"]
[Site "SchemingMind.com"]
[Date "2010.09.05"]
[Round "-"]
[White "NAZRIZ1977"]
[Black "Mr Pawn"]
[Result "0-1"]
[WhiteCountry "WLS"]
[BlackCountry "IND"]
[WhiteElo "1756"]
[WhiteRD "74"]
[BlackElo "2262"]
[BlackRD "93"]
[GameID "259451"]

1. c4 Nf6 2. g3 e5 3. Bg2 Nc6 4. Nc3 Bb4 5. Nd5 Bc5 6. e3 O-O 7. Ne2 Re8 8. O-O d6 9. d4 Bb6 10. Nxb6 axb6
11. d5 Ne7 12. e4 Bd7 13. Nc3 Ng6 14. b4 h6 15. h3 Qc8 16. Kh2 Nh7
0-1

[Event "OVER 1700 STANDARD CHESS TOURNEY - SEP 2010"]
[Site "SchemingMind.com"]
[Date "2010.09.05"]
[Round "-"]
[White "Bricriu"]
[Black "Mr Pawn"]
[Result "0-1"]
[WhiteCountry "IRL"]
[BlackCountry "IND"]
[WhiteElo "1792"]
[WhiteRD "74"]
[BlackElo "2262"]
[BlackRD "93"]
[GameID "259452"]

1. Nf3 Nf6 2. c4 c5 3. g3 Nc6 4. Bg2 e5 5. d3 Be7 6. Nc3 d6 7. O-O h6 8. a3 a5 9. e4 O-O 10. h3 Nd4
11. Nxd4 cxd4 12. Ne2 a4 13. f4 Nd7 14. f5 Nc5 15. g4 b5 16. cxb5 Bd7 17. b4 Nb3 18. Rb1 Bxb5 19. Rxb3 axb3 20. Qxb3 Qc8
21. Bb2 Qa6 22. Rd1 Ba4
0-1

[Event "OVER 1700 STANDARD CHESS TOURNEY - SEP 2010"]
[Site "SchemingMind.com"]
[Date "2010.09.06"]
[Round "-"]
[White "Transcendent"]
[Black "Mr Pawn"]
[Result "1/2-1/2"]
[WhiteCountry "ENG"]
[BlackCountry "IND"]
[WhiteElo "1793"]
[WhiteRD "51"]
[BlackElo "2262"]
[BlackRD "93"]
[GameID "259453"]

1. d4 g6 2. c4 Nf6 3. g3 d6 4. Bg2 Bg7 5. Nc3 O-O 6. Nf3 Nbd7 7. O-O c6 8. h3 e5 9. e4 Qb6 10. Re1 exd4
11. Nxd4 Ng4 12. Nce2 Nge5 13. b3 Nc5 14. Be3 a5 15. Rb1 Ned3 16. Rf1 Ne5 17. f4 Ned3 18. Kh2=
1/2-1/2

[Event "OVER 1700 STANDARD CHESS TOURNEY - SEP 2010"]
[Site "SchemingMind.com"]
[Date "2010.09.05"]
[Round "-"]
[White "PawnPusherPete"]
[Black "Mr Pawn"]
[Result "1/2-1/2"]
[WhiteCountry "ENG"]
[BlackCountry "IND"]
[WhiteElo "2227"]
[WhiteRD "84"]
[BlackElo "2254"]
[BlackRD "95"]
[GameID "259454"]

1. e4 c5 2. Nf3 d6 3. d4 cxd4 4. Nxd4 Nf6 5. Nc3 a6 6. Bg5 e6 7. f4 Be7 8. Qf3 Qc7 9. O-O-O Nbd7 10. g4 b5
11. Bxf6 Nxf6 12. g5 Nd7 13. f5 Bxg5+ 14. Kb1 Ne5 15. Qh5 Qe7 16. Nxe6 Bxe6 17. fxe6 g6 18. exf7+ Kxf7 19. Qh3 Kg7 20. Nd5 Qd8
21. Be2 Rf8 22. Rhf1 Rxf1 23. Rxf1 Rb8 24. Qc3 a5 25. Nc7 Qd7 26. Rd1 Bf6 27. Nd5 b4 28. Qg3 Qd8 29. Rh1 Bh4 30. Qe3 Rc8
31. Qa7+ Kg8 32. Rf1 Rc5 33. c4 Qe8 34. Nc7 Qc8 35. Nb5 Qd8 36. b3 Be7 37. Rd1=
1/2-1/2